00798nam a2200205 a 4500008004100000020001800041050001300059100001900072245024000091260004400331300001800375362002400393490001900417490001100436500001700447650004700464700002700511700002000538710003400558130418s2006 ||||||||||||||||| || u a9780850928327 aCOMM(08) aDugal, Manleen13aAn evaluation of the terms of accession to the world trade organization: a comparative assessment of services and goods sector commitments by WTO members and acceding countriescby Roman Grynberg, Manleen Dugal and Mohammad A. Razzaque aLondon:bCommonwealth Secretariatc2006 ax, 77p.: ill.1 a

No. 73, 2006

 aEconomic paper vNo. 73 aBibliography aWORLD TRADE ORGANIZATION--HIGHER EDUCATION aRazzaque, Mohammad A.  aGrynberg, Roman aThe Commonwealth Organization